000 00436nmm a2200157Ia 4500
008 251105s9999||||xx |||||||||||||||||und||
020 _a978958061178X
041 _aspa
100 _aGarlin, Fernando
245 0 _aExperiencias psicoterapéuticas
264 _a[Bogotá, Colombia] :
_bOveja Negra,
_c2011
300 _a336 páginas
650 _aPsychology
856 _uhttps://public.digitaliapublishing.com/a/54992
942 _cCF
999 _c94855
_d94855